000
00297nam a22001217a 4500
005
20250901165808.0
008
250320b |||||||| |||| 00| 0 eng d
020
_a
9789966229496
245
_a
Lulu ya maisha
_c
John Habwe
260
_a
Nairobi:
_b
JKF,
_c
2013.
300
_a
81 p.:
_c
18 cm.
942
_2
lcc
999
_c
9335
_d
9335